000 005220000a22001810004500
020 _a84-7645-771-5
041 0 _aSPA
082 0 4 _aG 274.6 M3869e
100 1 _aMartínez, José María
245 1 0 _aLa España evangélica ayer y hoy : Esbozo de una historia para una reflexión / José María Martínez
260 _aBarcelona : CLIE-Andamio
300 _a528 Pag
001 12434
942 _cBK
999 _c41458
_d41458
336 _atexto
_btxt
_2rdacontent
337 _2rdamedia
_asin mediación
_bn
338 _2rdacarrier
_avolumen
_bnc